Συνοπτική ειδική διδακτική

Αποθηκεύτηκε σε:
Λεπτομέρειες βιβλιογραφικής εγγραφής
Κύριος συγγραφέας: Ξηροτύρης, Ηλίας Ι., 1914-
Μορφή: Βιβλίο
Γλώσσα:Greek
Δημοσίευση: Αθήνα : [χ.,ό.], 1970
Θέματα:
Ετικέτες: Προσθήκη ετικέτας
Δεν υπάρχουν, Καταχωρήστε ετικέτα πρώτοι!

MARC

LEADER 00000cam a2200000 i 4500
001 1/20482
008 120613s1970 gre d
035 |l 10112713 
040 |a GR-MY-UA  |b gre  |e aacr 
041 0 |a gre 
082 0 |a 372.1102  |2 (22) 
100 1 |a Ξηροτύρης, Ηλίας Ι.,   |d 1914- 
245 1 0 |a Συνοπτική ειδική διδακτική   |h [ανάτυπο] /   |c Ηλίας Ιω. Ξηροτύρης 
260 |a Αθήνα :   |b [χ.,ό.],   |c 1970 
300 |a 38 σ.;  |c 25 εκ. 
500 |a Από το περιοδικό "Παιδαγωγική" 
650 0 0 |a Teaching  |x Methodology. 
650 0 0 |a Elementary school teaching  |z Greece. 
650 0 0 |a Education, Elementary  |x Philosophy. 
650 0 0 |a Education  |x Aims and objectives. 
852 |a INST  |b RHODES  |c AKA  |e 20120613  |h  372.1102 ΞΗΡ  |p 005400034444  |q 005400034444  |t BK  |y 0 
901 |a BIBL4-2012-2 
909 |a Ρ  |b 171073 
922 |a 4ΕΛΗ 
970 |z 2012/06/13